| 000 | 00662nam a2200229Ia 4500 | ||
|---|---|---|---|
| 005 | 20260429112027.0 | ||
| 008 | 260429s9999||||xx |||||||||||||| ||und|| | ||
| 020 | _a9781032994659 | ||
| 041 | _aEnglish | ||
| 082 |
_a658.404 _bAND |
||
| 100 | _aAndersen, Erling S. | ||
| 245 | 0 |
_aGoal directed project management : _beffective techniques and strategies / _cErling S. Andersen |
|
| 250 | _a5th ed. | ||
| 260 |
_aUnited Kingdom : _bRoutledge, _c2026. |
||
| 300 | _axi, 267 p.; pbk | ||
| 650 | _a Executive management | ||
| 650 | _a Project management | ||
| 650 | _aManagement | ||
| 700 | _a Grude, Kristoffer V. | ||
| 700 | _a Haug, Tor | ||
| 942 | _cTB | ||
| 999 |
_c51962 _d51962 |
||